[Event "CHN-chW 2019"]
[Site "Xinghua"]
[Date "2019.05.11"]
[Round "1.7"]
[White "Zhang, Lanlin"]
[Black "Guo, Qi"]
[Result "1/2-1/2"]
[WhiteElo "2181"]
[BlackElo "2361"]
[Annotator "TA"]
[PlyCount "68"]
[EventDate "2019.05.11"]
[EventType "tourn"]
[EventCountry "CHN"]
[SourceTitle "playchess.com"]
[Source "ChessBase"]
[SourceQuality "1"]

{[%evp 26,68,0,-4,0,-5,-39,-47,-8,-65,-50,-66,0,0,0,0,0,0,0,0,0,0,0,0,0,0,0,0,29,0,0,0,0,0,0,0,0,0,0,0,0,0,0,0,0]} 1. e4 c6 2. d4 d5 3. exd5 cxd5 4. c4 Nf6 5. Nc3 Nc6 {[%cal Bb8c6,Bc6d4,Bd4f3][%mdl 32]} 6. Nf3 Bg4 7. cxd5 Nxd5 8. Qb3 Bxf3 9. gxf3 Nb6 10. d5 Nd4 11. Qd1 e5 12. dxe6 fxe6 13. Be3 Bc5 14. b4 O-O {B13: Caro-Kann: Exchange Variation and Panov-Botvinnik Attack} 15. bxc5 Nxf3+ 16. Ke2 Qf6 $1 {Black is slightly better.} 17. cxb6 ({White should try} 17. Rc1 $1 $11 Rad8 18. cxb6 Rxd1 19. Kxd1) 17... Qxc3 $15 18. Bg2 (18. Rc1 Qb2+ 19. Qc2 Qb5+ 20. Qc4 Qh5 21. Qc5 Ne5+ 22. Ke1 axb6 23. Qb5 Rxa2 24. Be2 Nf3+ {0-1 (24) Adhiban,B (2683)-Sargsyan,A (2340) chess.com INT 2019}) 18... Qb2+ (18... Rad8 $15 19. Rc1 Qb2+ 20. Qc2 {[#]} Rd2+ $1 {[%mdl 576] X-Ray Attack} 21. Qxd2 Nxd2 22. Bxd2 Qxb6) 19. Kf1 $11 Rad8 20. Bxf3 Rxd1+ 21. Rxd1 Rxf3 22. bxa7 {[#]} Rf8 $146 23. Kg2 $1 Qb5 {[#] Strongly threatening ...Qc6+.} 24. Rhe1 h5 25. Rd6 Kh7 26. Red1 Qa5 27. Bb6 Qg5+ {The position is equal.} 28. Kh1 h4 {( -> ...h3)} 29. h3 ({Wrong is} 29. Bd8 $2 Qg4 $19) 29... Qf5 30. Kg2 Qf3+ 31. Kh2 $1 {Black must now prevent Be3.} Qf4+ 32. Kg2 {Hoping for Rd8.} Qf3+ 33. Kh2 $1 Qf4+ 34. Kg2 {Threatens to win with Rd8.} Qf3+ {Accuracy: White = 66%, Black = 65%.} 1/2-1/2

[Event "CHN-chW 2019"]
[Site "Xinghua"]
[Date "2019.05.11"]
[Round "1.8"]
[White "Huang, Qian"]
[Black "Ning, Kaiyu"]
[Result "1/2-1/2"]
[WhiteElo "2440"]
[BlackElo "2256"]
[Annotator "TA"]
[PlyCount "122"]
[EventDate "2019.05.11"]
[EventType "tourn"]
[EventCountry "CHN"]
[SourceTitle "playchess.com"]
[Source "ChessBase"]
[SourceQuality "1"]

{[%evp 9,122,11,24,20,16,0,13,-12,0,-7,0,-18,8,0,0,0,0,0,9,-14,-10,-7,-11,-8,-6,0,-6,-38,-38,-24,31,49,85,77,87,88,85,87,100,85,83,87,106,65,55,53,88,94,87,62,86,44,120,38,38,8,8,8,8,8,8,9,116,116,116,116,116,116,122,112,116,116,116,112,112,112,129,129,156,117,585,577,509,241,241,241,203,73,70,73,73,0,0,0,0,0,0,0,0,0,0,0,0,0,0,-8,-8,-8,0,0,0,0,0,0,0]} 1. Nf3 d5 2. g3 c6 3. Bg2 Bg4 4. b3 Nd7 5. Bb2 Qc7 6. d3 {A07: Réti Opening: New York and Capablanca Systems} (6. c4 dxc4 7. bxc4 e5 8. O-O Ngf6 9. d3 Bd6 10. Nbd2 O-O 11. h3 Bxf3 12. Bxf3 Nc5 13. Bg2 Rad8 {1-0 (36) Granda Zuniga,J (2652)-Jakubowski,K (2565) Benasque 2015}) 6... Ngf6 7. Nbd2 e5 8. h3 Bxf3 9. Bxf3 Bc5 10. e4 $146 ({Predecessor:} 10. a3 O-O 11. b4 Bb6 12. c4 dxc4 13. dxc4 Rad8 14. Qc2 {1-0 (32) Simonovic,A (2410)-Milovanovic,R (2420) Ulcinj 1997}) 10... dxe4 11. dxe4 O-O 12. O-O Rfe8 13. Bg2 Nf8 14. a4 Rad8 15. Qe2 Ne6 16. c3 a5 17. Nc4 Ba7 18. Ba3 b5 19. Ne3 b4 (19... h5 $11) 20. cxb4 $14 axb4 21. Bxb4 Rb8 22. Qc4 Bxe3 23. fxe3 Qb6 {[%mdl 64] Double Attack} 24. Bd6 Qxe3+ {[%mdl 64] Double Attack} 25. Kh2 $1 Qxb3 26. Qxb3 Rxb3 27. Bxe5 Nc5 28. Bxf6 gxf6 29. a5 Rb2 30. Kg1 Kg7 (30... Ra8 $14) 31. a6 (31. Rf2 $16 Rxf2 32. Kxf2) 31... Ra8 32. Rac1 Nd7 33. Rxc6 {aiming for e5!} Ra2 $1 34. Rd6 $36 {[%mdl 2048] White is more active.} Ra7 35. e5 Nxe5 {[#]} (35... R2xa6 $11 36. exf6+ Kh6) 36. Bb7 $1 $16 ({Don't play} 36. Rfxf6 $6 Nc4 $11) (36. Rdxf6 $6 R2xa6 37. R6f5 f6 $11) 36... Ra3 37. Kh2 ({Much worse is} 37. Rfxf6 $6 Nc4 $11) 37... Ra2+ {[#]} 38. Kh1 $1 Ra3 39. Rdxf6 {Threatens to win with R6f5.} Rxg3 40. Kh2 Rg6 41. Rxg6+ hxg6 {[%mdl 4096] Endgame KRB-KRN} 42. Rd1 Nc4 43. Kg3 Kf6 44. Rd7 Nb2 $2 {[%mdl 8192]} (44... Na5 $16) 45. Kf4 $18 Nc4 46. Rd4 (46. h4 $142 Na3 47. Rc7) 46... Na5 47. Rb4 Ke7 48. Rb6 (48. Kg5 $18 {is more deadly.}) 48... Nc4 $16 49. Rb1 f6 50. h4 ({White should try} 50. Ra1 $16) 50... Nd6 $11 {The position is equal.} 51. Ke3 {Hoping for Kd4.} Kd7 52. Kd4 Kc7 $1 53. Rc1+ Kb8 54. Rc6 Nxb7 55. Rxf6 {KRN-KR} Nd8 56. Rb6+ Kc8 57. Rxg6 Rh7 58. Kc5 Rxh4 59. a7 Kb7 60. Rg7+ Ka8 {Strongly threatening ...Ne6+.} 61. Rg8 Kxa7 {Accuracy: White = 56%, Black = 59%.} 1/2-1/2

[Event "CHN-chW 2019"]
[Site "Xinghua"]
[Date "2019.05.11"]
[Round "1.9"]
[White "Shen, Yang"]
[Black "Qiu, Mengjie"]
[Result "1-0"]
[WhiteElo "2449"]
[BlackElo "2219"]
[Annotator "TA"]
[PlyCount "111"]
[EventDate "2019.05.11"]
[EventType "tourn"]
[EventCountry "CHN"]
[SourceTitle "playchess.com"]
[Source "ChessBase"]
[SourceQuality "1"]

{[%evp 9,111,16,19,16,27,14,14,0,37,32,56,-12,-4,-55,-60,-58,-16,-41,-37,-36,-37,-139,-111,-122,-116,-137,-77,-130,-72,-324,-162,-177,-174,-304,324,326,336,339,346,339,337,335,302,189,323,200,219,235,243,168,254,252,238,127,269,257,329,333,289,271,381,356,375,333,332,320,496,492,405,353,485,484,490,477,563,502,576,543,777,774,1126,1116,1112,1108,1097,1061,1051,1043,1983,1880,29977,29981,29982,29983,29984,29985,29985,29986,29987,29988,29988,29989,29989,29990]} 1. d4 Nf6 2. c4 e6 3. Nf3 d5 4. Nc3 Bb4 5. cxd5 exd5 6. Bf4 {D38: Queen's Gambit Declined: Ragozin Defence (4 Nf3 Bb4)} (6. Bg5 h6 7. Bh4 O-O 8. e3 Bf5 9. Be2 Nbd7 10. Qb3 Ba5 11. O-O c6 12. Ne5 Qb6 13. Nxd7 Nxd7 14. Rfc1 Qxb3 15. axb3 {½-½ (26) Giri,A (2797)-Navara,D (2739) Shamkir 2019}) 6... O-O 7. Rc1 c5 8. g3 {The position is equal.} Ne4 $146 ({Predecessor:} 8... Nc6 9. Bg2 Bg4 10. Be3 Qe7 11. O-O Rad8 12. a3 Ba5 13. Qa4 Bxc3 14. bxc3 {½-½ (37) Ris,R (2406)-Abasov,N (2544) Wijk aan Zee 2015}) 9. Bg2 Bf5 10. Qa4 (10. O-O $14) 10... Nc6 $36 {[%cal Bb8c6,Bc6a5,Ba5b3][%mdl 2080] Black fights for an advantage.} 11. a3 (11. O-O $11) 11... Bxc3+ $15 (11... cxd4 12. axb4 dxc3 13. bxc3 $11) 12. bxc3 c4 13. Ne5 Na5 {...f6 is the strong threat.} 14. Bxe4 $1 Bxe4 15. O-O (15. f3 $15 Bf5 16. g4) 15... Nb3 16. Rce1 Bf5 17. Qb5 g5 (17... Bh3 $142 18. e4 Na5) 18. Be3 {[#]} (18. e4 $142 Bxe4 19. Rxe4 dxe4 20. Be3) 18... Bh3 ({Black should try} 18... a6 $1 {[%cal Ra6b5]} 19. Qb4 (19. Qxb7 Na5 $17) 19... Qc7) 19. Qxb7 $2 {[%mdl 8192]} (19. f4 $17) 19... f6 (19... Bxf1 20. Rxf1 Na5 21. Qa6 $11) (19... Rb8 $142 20. Qxa7 Ra8) 20. Nc6 $19 Qd6 21. Rb1 (21. Nb4 {was worth a try.}) 21... Bxf1 $4 {[%mdl 8192]} (21... a5 $19 {avoids the disaster. aiming for ...Rae8.} 22. Bxg5 fxg5) 22. Ne7+ $18 {[%mdl 64] Discovered Attack} Qxe7 (22... Kh8 23. Nf5 $18) 23. Qxe7 Bh3 24. a4 a5 25. Re1 Rad8 26. Bc1 Rd7 (26... Nxc1 {was called for.} 27. Rxc1 Rde8) 27. Qa3 Re8 28. f3 Bf5 29. Kf2 Re6 (29... h5 {might work better.} 30. h4 g4) 30. g4 Bg6 31. f4 (31. h4 $18) 31... f5 {[#]} (31... Re4 $16) 32. e4 $1 ({Don't do} 32. fxg5 $6 Re4 $16) 32... dxe4 33. gxf5 ({Less strong is} 33. fxg5 fxg4 34. Kg1 Re8 $16) 33... Bxf5 34. fxg5 Nxc1 (34... Re8 $142 35. Bf4 Bg6) 35. Qxc1 Rf7 {intending ...Bh3+.} 36. Kg3 Bg6 37. Re3 Rb7 (37... h6 $142 38. Qb1 (38. gxh6 Bh5 $18) 38... Kh7) 38. Qf1 Rc6 39. Qf4 Re6 40. h4 Re8 41. Qd6 Rf7 42. Qd5 Kg7 43. Qxa5 Bh5 44. Qb5 Rf3+ 45. Rxf3 exf3 {[%mdl 4096] Endgame KQ-KRB} 46. g6 Bxg6 47. Kxf3 Rf8+ 48. Kg3 Bd3 49. a5 {[%cal Ba4a5,Ba5a6,Ba6a7][%mdl 32]} Rf1 50. a6 {White mates.} Rg1+ 51. Kh2 Re1 52. a7 Be4 53. Qe5+ Kf7 54. d5 Rh1+ 55. Kg3 Rg1+ 56. Kf4 {Accuracy: White = 45%, Black = 25%.} 1-0

[Event "CHN-chW 2019"]
[Site "Xinghua"]
[Date "2019.05.11"]
[Round "1.10"]
[White "Zhu, Jiner"]
[Black "Ni, Shiqun"]
[Result "1-0"]
[WhiteElo "2439"]
[BlackElo "2439"]
[Annotator "TA"]
[PlyCount "79"]
[EventDate "2019.05.11"]
[EventType "tourn"]
[EventCountry "CHN"]
[SourceTitle "playchess.com"]
[Source "ChessBase"]
[SourceQuality "1"]

{[%evp 17,89,27,23,27,24,35,20,39,20,20,18,22,19,22,55,0,10,0,0,0,-1,0,0,-18,-5,-4,0,-11,0,-7,0,0,0,0,26,-9,4,4,25,7,22,0,19,8,8,0,20,0,15,0,0,0,23,6,17,-16,37,31,34,68,178,179,461,331,669,657,633,661,639,628,29979,29980,29993,29994]} 1. e4 e5 2. Nf3 Nf6 3. Nxe5 d6 4. Nf3 Nxe4 5. d4 d5 6. Bd3 Bf5 7. O-O Be7 8. Re1 O-O 9. c4 Nc6 10. cxd5 {C42: Petroff Defence: 3 Nxe5 and unusual White 3rd moves} Qxd5 11. Nc3 Nxc3 12. bxc3 {[%cal Bb2c3,Bc3c4][%mdl 32] The position is equal.} Bxd3 13. Qxd3 Rae8 14. Bf4 Bd6 15. c4 Qh5 {[#]} 16. Bg3 $146 ({Better is} 16. Bxd6 $14 cxd6 17. Qa3) ({Predecessor:} 16. Bxd6 cxd6 17. Qa3 Qa5 18. Qxd6 Rxe1+ 19. Rxe1 {½-½ (29) Anand,V (2767)-Wei,Y (2743) Wijk aan Zee 2018}) 16... h6 17. Rab1 b6 18. Qb3 Qa5 {[#] aiming for ...Nxd4!} 19. Kf1 Qf5 20. Rbd1 Bxg3 21. hxg3 Rxe1+ 22. Rxe1 Rd8 23. Qc3 Qa5 24. Qc2 Qa3 25. Kg1 (25. d5 {looks sharper.} Na5 26. Ne5 Qb4 27. Qf5 Rf8 28. Nd7) 25... Qd6 26. Re4 (26. d5 $5 {[%cal Rd5c6]} Na5 27. Re4 $14) 26... Ne7 27. g4 Qf6 28. Qe2 Ng6 29. Qe3 Nh4 30. Ne5 {And now Rf4 would win.} (30. Ne1 {keeps more tension.} Ng6 31. f4 Nf8 32. Nf3 Qd6 33. Kf2) 30... Ng6 31. Nf3 Nh4 32. Ne5 {Strongly threatening Rf4.} (32. Ne1 {feels hotter.} Ng6 33. f4 Nf8 34. Nf3 Qd6 35. Kf2) 32... Ng6 33. Nd3 Kf8 34. f4 c6 35. f5 Ne7 36. Nf4 Qg5 (36... Nc8 $11) 37. Qa3 $14 Rd7 38. Nh5 c5 (38... Ke8 $1 $14) 39. Qg3 $36 {[%mdl 2048] White has strong initiative.} Rd8 $2 {[#]} (39... Nxf5 40. gxf5 Qxg3 41. Nxg3 cxd4) 40. f6 {Played: Qg3-c7} 1-0

[Event "CHN-chW 2019"]
[Site "Xinghua"]
[Date "2019.05.11"]
[Round "1.11"]
[White "Ren, Xiaoyi"]
[Black "Chu, Ruotong"]
[Result "1/2-1/2"]
[WhiteElo "2261"]
[BlackElo "2180"]
[Annotator "TA"]
[PlyCount "71"]
[EventDate "2019.05.11"]
[EventType "tourn"]
[EventCountry "CHN"]
[SourceTitle "playchess.com"]
[Source "ChessBase"]
[SourceQuality "1"]

{[%evp 24,71,-15,-15,0,-25,-38,-28,-34,-47,-44,-37,-8,-8,-5,-6,-7,-23,-14,-21,-7,-14,-7,-7,-7,-7,-7,-7,-7,-7,-7,-7,-7,-7,-7,-7,-7,-7,-7,-7,-7,-7,-7,-7,0,-7,-7,-8,0,-8]} 1. d4 Nf6 2. c4 g6 3. g3 c6 4. Bg2 d5 5. Nf3 Bg7 6. b3 O-O 7. O-O dxc4 8. bxc4 c5 9. Bb2 cxd4 10. Nxd4 Qb6 11. Qb3 Nfd7 12. Rd1 Nc6 13. e3 Nc5 {A49: 1 d4 Nf6 2 Nf3 g6 3 g3: Anti-King's Indian systems} 14. Qxb6 axb6 15. Nc3 Bg4 {Black has an edge.} 16. f3 {[#] Black must now prevent Nxc6.} Be6 17. Nxe6 Nxe6 18. Rab1 Nc5 19. f4 e6 20. Rd2 Rfc8 {[#]} 21. Ba1 $146 {The position is equal.} ({Predecessor:} 21. Rbd1) 21... Na5 22. Bf1 {[#]} Nab3 $1 {[%mdl 512]} 23. axb3 Rxa1 $1 {[%mdl 64] Remove Defender} 24. Rxa1 {And now Rc2 would win.} Bxc3 25. Raa2 {aiming for Rd6.} Bxd2 26. Rxd2 Nxb3 $11 {[%mdl 4096] Endgame KRB-KRN} 27. Rb2 Na5 28. Rxb6 Nxc4 29. Bxc4 Rxc4 30. Rxb7 {KR-KR} Rc1+ 31. Kf2 Rc2+ 32. Kg1 Re2 33. Rb3 Kg7 34. h4 Kf6 35. Kf1 Rh2 36. Kg1 {Accuracy: White = 70%, Black = 71%.} 1/2-1/2

[Event "CHN-chW 2019"]
[Site "Xinghua"]
[Date "2019.05.11"]
[Round "1.12"]
[White "Xiao, Yiyi"]
[Black "Zhai, Mo"]
[Result "1/2-1/2"]
[WhiteElo "2290"]
[BlackElo "2365"]
[Annotator "TA"]
[PlyCount "44"]
[EventDate "2019.05.11"]
[EventType "tourn"]
[EventCountry "CHN"]
[SourceTitle "playchess.com"]
[Source "ChessBase"]
[SourceQuality "1"]

{[%evp 26,44,0,0,0,0,0,-22,3,0,0,0,0,0,0,0,0,0,0,0,0]} 1. d4 Nf6 2. c4 g6 3. g3 Bg7 4. Bg2 d5 5. cxd5 Nxd5 6. Nf3 Nb6 7. O-O Nc6 8. e3 O-O 9. Nc3 e5 10. d5 Ne7 11. e4 Bg4 12. Qb3 c6 13. h3 Bxf3 14. Bxf3 {The position is equal.} cxd5 {D76: Fianchetto Grünfeld: Main Line with 7...Nb6} 15. Nxd5 Nbxd5 (15... Nc6 16. Be3 Nd4 17. Bxd4 exd4 18. Nxb6 Qxb6 19. Qxb6 axb6 20. Be2 d3 21. Bxd3 Bxb2 22. Rab1 {1-0 (56) Yu,Y (2675)-Gao,R (2475) China 2013}) 16. exd5 Qd7 17. Rd1 Qxh3 $146 ({Predecessor:} 17... Nf5 18. Bg4 b6 19. h4 Qd6 20. Bxf5 gxf5 21. Qf3 Qg6 22. d6 Rad8 23. d7 Qe6 24. Qb7 f4 25. a4 Qg4 26. Rd3 Qe2 27. Rd5 Qe1+ 28. Kg2 Bh6 {0-1 (28) Johannsen,D (2085)-Kahlert,T (2229) Hamburg 2012}) 18. d6 Nf5 19. Bg2 Qg4 {Black wants to play ...Nd4.} 20. Bf3 Qh3 21. Bg2 Qg4 {And now ...Nd4 would win.} 22. Bf3 Qh3 1/2-1/2

[Event "CHN-chW 2019"]
[Site "Xinghua"]
[Date "2019.05.12"]
[Round "2.7"]
[White "Guo, Qi"]
[Black "Zhai, Mo"]
[Result "1-0"]
[WhiteElo "2361"]
[BlackElo "2365"]
[Annotator "TA"]
[PlyCount "88"]
[EventDate "2019.05.11"]
[EventType "tourn"]
[EventCountry "CHN"]
[SourceTitle "playchess.com"]
[Source "ChessBase"]
[SourceQuality "1"]

{[%evp 14,88,42,6,17,12,16,0,54,50,43,48,225,245,238,231,232,231,212,98,102,83,72,47,223,220,274,270,261,273,266,256,327,295,379,386,402,264,250,0,362,308,304,309,1749,553,543,527,464,463,445,440,430,368,395,356,614,666,591,645,582,529,1150,1150,1142,1135,1128,1106,1120,1118,1095,1062,960,885,911,831,918]} 1. d4 Nf6 2. c4 g6 3. Nc3 d5 4. Nf3 Bg7 5. cxd5 Nxd5 6. e4 Nxc3 7. bxc3 c5 8. h3 Nc6 {[%cal Rc5d4] D85: Exchange Grünfeld: Unusual White 7th moves and lines with 7 Nf3} (8... O-O 9. Be3 Qa5 10. Bd2 e6 11. Be2 Qc7 12. Rc1 b6 13. h4 Bb7 14. e5 Nc6 15. h5 Rfd8 16. hxg6 hxg6 {0-1 (84) Lupulescu,C (2634)-Jones,G (2698) Reykjavik 2019}) 9. Be3 Qa5 {Strongly threatening ...cxd4.} 10. Bd2 cxd4 (10... O-O $11) 11. cxd4 $14 Qa3 12. d5 Nb4 $146 (12... Nd4 $14) ({Predecessor:} 12... Nb8 13. Bb5+ Bd7 14. Rb1 Bxb5 15. Rxb5 b6 16. O-O {1-0 (51) Cheng,B (2520)-Corrales Jimenez,F (2559) chess.com INT 2019}) 13. Bb5+ $1 $18 Bd7 14. Bxd7+ Kxd7 {[#]} 15. O-O $1 {Bxb4 is the strong threat.} ({Not} 15. Rb1 Nd3+ 16. Kf1 Qa6 $11) 15... a5 16. Bxb4 (16. e5 $18 {is more deadly.}) 16... axb4 $16 17. e5 Rhd8 18. d6 {And now Qd5! would win.} Qa5 $2 {[#]} (18... Ke8 $14) 19. Qb3 $1 $18 {[%cal Rb3f7]} e6 20. Qc4 Ke8 21. Qf4 h6 22. Rab1 Rd7 23. Rfc1 Qxa2 24. Qxb4 Qa6 25. Qd4 {aiming for Ra1.} Rad8 {[%cal Rd7d6] intending ...Rxd6.} 26. Qb4 (26. Qe3 $142) 26... Ra8 $1 27. Rc2 Rad8 28. Rbc1 f6 $2 (28... b6 29. Qe4 Kf8) 29. Nd4 (29. Qb3 $142 Kf7 30. Nd4 fxe5 31. Nxe6) 29... fxe5 30. Nxe6 {Black must now prevent Nc7+.} Qxd6 31. Qxd6 Rxd6 32. Nxd8 ({Stronger than} 32. Nxg7+ Kf7 $11) 32... Rxd8 {[%mdl 4096] Endgame KRR-KRB} 33. Rb1 Rd7 34. Rcb2 Ke7 $2 (34... Bf8 35. Rxb7 Bc5) 35. Rxb7 {White is clearly winning.} Rxb7 36. Rxb7+ {KR-KB} Kf6 37. Rb6+ Kf7 38. Kf1 Bf8 39. Ke2 Bc5 40. Rc6 Bd4 41. f3 Kg7 42. Kd3 Bb2 43. Rc2 Bd4 {[#]} 44. f4 $1 g5 {Accuracy: White = 73%, Black = 38%.} (44... exf4 45. Kxd4) 1-0

[Event "CHN-chW 2019"]
[Site "Xinghua"]
[Date "2019.05.12"]
[Round "2.8"]
[White "Chu, Ruotong"]
[Black "Xiao, Yiyi"]
[Result "0-1"]
[WhiteElo "2180"]
[BlackElo "2290"]
[Annotator "TA"]
[PlyCount "72"]
[EventDate "2019.05.11"]
[EventType "tourn"]
[EventCountry "CHN"]
[SourceTitle "playchess.com"]
[Source "ChessBase"]
[SourceQuality "1"]

{[%evp 12,72,18,14,27,27,49,57,40,45,56,15,49,-6,0,-70,-83,-50,-26,-37,-37,-43,-31,-229,-232,-241,-236,-237,-231,-253,-250,-263,-261,-247,-185,-364,-366,-350,-333,-572,-571,-501,-359,-357,-356,-347,-340,-1175,-514,-1220,-1001,-1208,-1094,-29990,-224,-224,-221,-216,-216,-29990,-29990,-29997,-29998]} 1. d4 Nf6 2. c4 e6 3. g3 Bb4+ 4. Bd2 a5 5. Bg2 O-O 6. Nf3 d5 7. Qc2 c5 {E11: Bogo-Indian} (7... Be7 8. O-O Nbd7 9. Rd1 c6 10. Bf4 dxc4 11. Qxc4 Nd5 12. Bd2 b5 13. Qc2 Bb7 14. Nc3 Rc8 15. Ne5 Nxe5 16. dxe5 {1-0 (110) Prohaszka,P (2610)-Baklan,V (2595) Benasque 2018}) 8. dxc5 Bxc5 9. cxd5 Qxd5 {White is slightly better.} 10. Nc3 Qh5 11. Qb3 $146 ({Predecessor:} 11. h3 Nc6 12. g4 Qg6 13. Qxg6 hxg6 14. Rc1 Bb6 15. O-O Nd5 16. Rfd1 Rd8 17. a3 Bd7 18. e3 Be8 19. Nxd5 Rxd5 20. Bc3 Rxd1+ 21. Rxd1 {½-½ (21) Splichal,S (2154)-Kochetkova,J (2324) Czech Republic 2019}) 11... Nc6 12. Na4 (12. h3 $14) 12... Ba7 $11 13. h3 (13. Nb6 $11 Bxb6 14. Qxb6) 13... b5 $15 14. Nc3 Ba6 15. g4 Qc5 16. Be3 Qe7 {...Bxe3 is the strong threat.} 17. Nxb5 $2 (17. Bxa7 $15 Nxa7 18. a3) 17... Bxe3 $19 18. fxe3 {[#]} a4 $1 {[%cal Ra4b3][%mdl 512]} 19. Qxa4 Nd5 20. Nc3 Nxe3 21. Qxc6 Nxg2+ 22. Kf2 Bb7 $1 {[%cal Rb7c6]} 23. Qb6 $2 (23. Qc4 {was worth a try.} Rac8 24. Qd4) 23... Bxf3 24. Kxf3 Rab8 25. Qd4 $2 (25. Qa6 {keeps fighting.} Nh4+ 26. Kg3) 25... Rb4 26. Qe5 Nh4+ 27. Kg3 Ng6 (27... Rxb2 28. Nd5 $17) 28. Qe3 f5 {Threatens to win with ...f4+.} ({Less strong is} 28... Rxb2 29. Rhb1 $17) 29. gxf5 $2 (29. Kh2 Qd6+ 30. Qg3) 29... Rxf5 (29... Qd6+ $142 30. Kf2 Nh4) 30. Kh2 (30. Rhf1 $142 Re5 31. Qd2) 30... Re5 31. Qf3 Rf4 32. Qd3 Qh4 $2 (32... Rf2+ {mates} 33. Kg1 Qh4 34. Ne4 Rxe4 35. Rd1 Rd4 $1 {[%mdl 512]} 36. Rh2 Rg4+ $1 {[%mdl 576] Pin} 37. Rg2 Rgxg2+ 38. Kh1 Rh2+ {[%mdl 64] Double Attack} 39. Kg1 Qg5+ 40. Qg3 Qxg3#) 33. Rhg1 {[#]} Rf2+ $1 $40 {[%mdl 1152] Black has strong compensation. Black attacks with force.} 34. Kh1 Rh5 35. Rgf1 $2 {[#]} (35. Rg3 $19 Nf4 36. Qe3 (36. Qd7 {gets mated.} Qxh3+ {[%mdl 64] Back Rank} 37. Rxh3 Rxh3+ 38. Kg1 Rg2+ 39. Kf1 Rh1#) 36... Nxh3 37. Qxe6+ Rf7 38. Qc8+ Rf8 39. Qe6+ Kh8 40. Rxh3 Qxh3+ 41. Qxh3 Rxh3+ 42. Kg2) 35... Nf4 $1 {[%mdl 576] Double Attack} 36. Qe3 Qxh3+ {Accuracy: White = 28%, Black = 73%.} 0-1

[Event "CHN-chW 2019"]
[Site "Xinghua"]
[Date "2019.05.12"]
[Round "2.9"]
[White "Ni, Shiqun"]
[Black "Ren, Xiaoyi"]
[Result "1/2-1/2"]
[WhiteElo "2439"]
[BlackElo "2261"]
[Annotator "TA"]
[PlyCount "133"]
[EventDate "2019.05.11"]
[EventType "tourn"]
[EventCountry "CHN"]
[SourceTitle "playchess.com"]
[Source "ChessBase"]
[SourceQuality "1"]

{[%evp 12,133,31,14,15,15,21,6,44,40,64,53,63,31,31,40,71,69,68,47,65,62,58,49,52,37,67,37,42,32,77,85,80,75,87,74,81,81,75,80,89,104,90,100,105,108,150,137,153,50,61,12,15,25,21,14,14,14,12,0,99,97,106,2,19,0,0,5,68,52,90,91,208,0,0,0,0,0,0,0,0,0,85,78,167,16,16,16,198,195,193,196,183,0,200,189,188,180,180,166,187,172,160,0,0,0,6,6,6,6,7,0,7,7,8,8,8,9,9,9,13,0,38,0]} 1. e4 c5 2. Nf3 d6 3. d4 cxd4 4. Nxd4 Nf6 5. Nc3 a6 6. Nb3 e5 7. Bg5 Be6 {B94: Sicilian Najdorf: 6 Bg5 Nbd7} (7... Be7 8. Bxf6 Bxf6 9. Qd3 Be6 10. O-O-O Be7 11. Nd5 Bxd5 12. Qxd5 Qc7 13. Kb1 O-O 14. Na5 Nc6 15. Nc4 Rad8 {1-0 (50) Grischuk,A (2737)-Nepomniachtchi,I (2767) Doha 2016}) 8. Bxf6 Qxf6 9. Nd5 Bxd5 {The position is equal.} 10. Qxd5 Nc6 11. c3 Be7 12. Bc4 O-O 13. O-O Bd8 $146 ({Predecessor:} 13... Rac8 14. a4 Kh8 15. Rad1 {1-0 (38) Rogulj,B (2385)-Marjanov,Z Pula 1983}) 14. Rad1 Bc7 15. g3 Nd8 16. Nd2 Rb8 17. Qd3 Ne6 18. Bd5 Kh8 19. Nc4 b5 20. Ne3 Ng5 21. h4 Ne6 22. b4 Bb6 23. Bb3 Bxe3 24. Qxe3 Qe7 25. Rd3 g6 26. Rfd1 Rfd8 27. Kg2 Ng7 28. a4 f5 29. axb5 axb5 30. Ra1 (30. Qg5 $16 Qc7 31. Qf6) 30... f4 $14 31. Qa7 (31. Ra7 $5 {[%cal Ra7e7]}) 31... Rb7 32. Qa6 Ne8 33. Bd5 Rbb8 34. Qa7 Nc7 35. Bc6 fxg3 (35... Rf8 $11 {remains equal.}) 36. fxg3 $16 Rf8 37. Qe3 (37. Ra2 $16) 37... Rf7 $1 $11 38. Rdd1 Rbf8 39. Rf1 Qe6 ({Black should play} 39... Kg7 $11) 40. Rxf7 $14 Qxf7 {[#]} 41. Qe2 $1 Qb3 (41... Qe6 $16) 42. Rf1 $2 ({White must play} 42. Ra7 $18) 42... Rxf1 $11 43. Qxf1 {And now Bd5! would win.} Kg7 44. Qd3 Qa2+ 45. Kf3 Qf7+ 46. Ke3 Qe6 (46... Qb3 $11) 47. Bxb5 $16 Qh3 (47... Qg4 $16) 48. Bc4 $2 ({White should try} 48. Kd2 $18) 48... Qxg3+ $11 49. Kd2 Qxh4 $2 (49... Qxd3+ $11 {and Black has nothing to worry.} 50. Kxd3 (50. Bxd3 Kf6 $14) 50... Kf6) 50. Qxd6 $18 Qf4+ 51. Kd1 Qf3+ 52. Kd2 Qf4+ 53. Kc2 Qxe4+ {[#]} 54. Bd3 $1 Qg2+ 55. Kb1 Nd5 56. Qxe5+ Kh6 57. Bc2 $2 (57. b5 $16) 57... Qd2 $11 58. Kb2 Nxb4 59. cxb4 Qxb4+ 60. Kc1 Qg4 61. Kb2 Qg5 $132 {[%mdl 2048] Black is not keeping still} 62. Qh2+ Qh5 63. Qf4+ Qg5 64. Qf8+ Kh5 65. Qf3+ Kh6 66. Qf8+ Kh5 67. Qf3+ {Accuracy: White = 50%, Black = 42%.} 1/2-1/2